000 00936nam a22002537r 4500
003 3228
005 20260602135430.0
008 260602b sa ||||| |||| 00| 0 eng d
020 _a9780796042262 (paperback)
040 _aMPL
_beng
_c3228
_erda
041 _aEnglish
082 0 _2DDC23
_a808.042 HARR
100 _9197803
_aHarris, Cathy
_eauthor
245 _aThe write style /
_cCathy Harris, Boby Keal
260 _aPietermaritzburg :
_bShuter & Shooter ,
_c©2010,
_c2024.
300 _a82 pages :
_c30 cm
500 _aSuitable for school use, home use and the business world. Essay writing Long transactional writing Short transactional writing
650 0 _9199636
_aReport writing
650 0 _9199635
_aEnglish Language
_xWritten English
650 0 _9199637
_aEnglish Language
_xComposition and exercises
650 0 _9192411
_aWritten communication
700 _9199634
_aKeal, Bobby
_eauthor
942 _2ddc
_cBK
_eDDC23
_w296
_xPhillipina Naude
_y296
_zPhillipina Naude
999 _c799428
_d799427